| 000 | 00975nam a2200277 a 4500 | ||
|---|---|---|---|
| 001 | 12871 | ||
| 003 | BD-RjUL | ||
| 005 | 20211208235352.0 | ||
| 008 | 140129s1978 mdua 001 0 eng d | ||
| 020 | _a089443084X | ||
| 035 | _a(BD-RjUL)12921 | ||
| 040 |
_aNMQU _beng _cNMQU _dVIT _dBD-RjUL |
||
| 041 | _aeng | ||
| 082 | 0 | 0 |
_a620.23 _bNOI 1978 _219 |
| 245 | 0 | 0 |
_aNoise control in the workplace / _cthe Centre for Compliance Information ; editor, Kenneth Lawrence ; noise control consultant, David P. Lewis ; legal editor, Roscoe C. Bryant. |
| 260 |
_aGermantown, Md. : _bAspen Systems Corp., _c1978. |
||
| 300 |
_aviii, 360 p. : _bill. ; _c24 cm. |
||
| 504 | _aIncludes index. | ||
| 650 | 0 |
_aNoise control. _940108 |
|
| 700 | 1 |
_aLewis, David P. _940109 |
|
| 700 | 1 |
_aLawrence, Kenneth E., _d1948- _940110 |
|
| 700 | 1 |
_aBryant, Roscoe C. _940111 |
|
| 710 | 2 |
_aCenter for Compliance Information (Aspen Systems Corporation) _940112 |
|
| 942 |
_2ddc _cBK |
||
| 999 |
_c12871 _d12871 |
||